000 00425nam a2200157Ia 4500
003 GCL
008 140319s9999 xx 000 0 ara d
040 _aGCL /
_cGCL
082 0 4 _a813.01
_bب خ
100 1 _aبهاء طاهر
245 1 0 _aالخطوبة وقصص أخرى /
_cبهاء طاهر
490 _a
650 0 4 _aالادب العربى
650 0 4 _aالقصص العربية القصيرة
942 _2ddc
_cBK
999 _c40138
_d40138